000 00766cam a22002531a 4500
001 he 68000807
003 DLC
005 20260227111455.0
008 880608s1966 is 000 0 hebr
010 _ahe 68000807
035 _a(OCoLC)18058069
040 _aDLC
_cInU
_dDLC
042 _apremarc
050 0 0 _aPJ5054.A5
_bS5
100 1 _aAlterman, Nathan,
_d1910-1970.
240 0 0 _aPoems.
_kSelections
245 1 0 _aShirim /
_cNatan Alterman.
260 _a[Tel-Aviv] :
_bha-Ḳibuts ha-meʼuḥad :
_b"Maḥbarot le-sifrut,"
_c727 [1966 or 1967]
300 _a2 v. ;
_c22 cm.
500 _aPoems.
500 _aRomanized record.
500 _aVocalized.
505 0 _a[1] Kokhavim ba-ḥuts. Simḥat ʻaniyim. shire makot metsarim -- [2] ʻIr ha-yonah.
999 _c33090
_d33090